00371nam a2200169Ia 4500008004100000020001500041041001200056082001600068100001200084245002500096250000800121260002500129300000800154650001500162700001400177700001000191221030s9999 xx 000 0 und d a0070582041 aEnglish a105.23bLev aM. Levy 0aRetailing Management a5th bTMHaNew Delhic2004 a775 aManagement aA. Barton aWeitz